00396pab a2200133 454500008004000000100002900040245008600069260000900155300001600164362001100180650002200191700001500213773003400228180718b2003 xxu||||| |||| 00| 0 eng d aSinha-Kerkhoff, Kathinka a`Eternal call of the Ganga': reconnecting with people of Indian origin in Surinam c2003 ap.4008-021. a20 Sep aPravasi Bharatiya aBal, Ellen aEconomic and Political Weekly